| 000 | 00883 a2200289 4500 | ||
|---|---|---|---|
| 999 |
_c200449950 _d68162 |
||
| 001 | 200449950 | ||
| 003 | TR-AnTOB | ||
| 005 | 20221026155023.0 | ||
| 007 | ta | ||
| 008 | 221026s2022 tu |||| |||| 000 0 tur d | ||
| 020 | _a9786050512090 | ||
| 040 |
_aTR-AnTOB _beng _cTR-AnTOB _erda |
||
| 041 | _atur | ||
| 050 |
_aKKX1768 _b.E736 2022 |
||
| 090 |
_aKKX1768 _b.E736 2022 |
||
| 100 | 1 |
_aErdost, Bediray _9138988 _eauthor |
|
| 245 |
_aArabulucunun hukukî sorumluluğu / _cBediray Erdost. |
||
| 264 | 1 |
_aAnkara : _bYetkin Yayınları, _c2022 |
|
| 300 |
_axx, 226 pages ; _c24 cm |
||
| 336 |
_atext _btxt _2rdacontent |
||
| 337 |
_aunmediated _bn _2rdamedia |
||
| 338 |
_avolume _bnc _2rdacarrier |
||
| 500 | _aAltınbaş Üniversitesi tarafından kabul edilen yüksek lisans tezidir. (Preface) | ||
| 650 | 7 |
_9127395 _aArabuluculuk |
|
| 942 |
_2lcc _cBK |
||